[Event "Catalunya-ch Seniors"]
[Site "Malgrat del Mar"]
[Date "2023.05.20"]
[Round "7"]
[White "Leon Escoda, Manuel"]
[Black "Garcia Garrido, Ferran"]
[Result "0-1"]
[WhiteElo "1662"]
[BlackElo "2020"]
[PlyCount "100"]
[EventDate "2023.05.14"]
[EventType "swiss"]
[EventRounds "8"]
[EventCountry "ESP"]
[SourceTitle "CBM 214 Extra"]
[Source "ChessBase"]
[SourceDate "2023.07.31"]
[SourceVersion "1"]
[SourceVersionDate "2023.07.31"]
[SourceQuality "1"]

1. e4 c5 2. Nf3 e6 3. d4 cxd4 4. Nxd4 a6 5. a4 b6 6. Nc3 Qc7 7. g3 Bb7 8. Bg2 Nf6 9. 0-0 d6 10. f4 Nbd7 11. Qe2 Rd8 12. e5 dxe5 13. fxe5 Bc5 14. Be3 Bxg2 15. Qxg2 Qxe5 16. Qf2 0-0 17. Rae1 Ng4 18. Nc6 Bxe3 19. Rxe3 Qxe3 20. Qxe3 Nxe3 21. Re1 Nxc2 22. Re2 Na1 23. Nxd8 Rxd8 24. Rd2 Nb3 25. Rd6 Nbc5 26. b4 Nb7 27. Rd2 Ne5 28. Re2 Nc6 29. b5 axb5 30. axb5 Nd4 31. Ra2 Na5 32. Na4 Ndb3 33. Nxb6 Rd1+ 34. Kf2 Rd2+ 35. Rxd2 Nxd2 36. Ke3 Nac4+ 37. Nxc4 Nxc4+ 38. Kd4 Na5 39. Kc5 Kf8 40. b6 Ke7 41. Kb5 Nb7 42. Kc6 Nd6 43. h3 f6 44. g4 h6 45. h4 g6 46. h5 gxh5 47. gxh5 f5 48. Kc5 e5 49. Kd5 f4 50. Kxe5 f3 0-1